[Event "Wch Juvenil 2013 sub-18"]
[Site "Al-Ain UAE"]
[Date "2013.12.26"]
[Round "9.22"]
[White "Ebeling, Daniel"]
[Black "Klabis, Rokas"]
[Result "1-0"]
[WhiteElo "2374"]
[BlackElo "2239"]
[PlyCount "43"]
[EventDate "2013.12.19"]
[EventType "swiss"]
[EventRounds "11"]
[EventCountry "UAE"]
[Source "lmi"]
[SourceDate "2013.12.19"]

1. e4 c5 2. Nf3 Nc6 3. d4 cxd4 4. Nxd4 Nf6 5. Nc3 g6 6. Nxc6 bxc6 7. e5 Ng8 8.
Bc4 Qa5 9. O-O Nh6 10. Qf3 Qxe5 11. Bf4 Qc5 12. Nd5 Qxc4 13. Nc7+ Kd8 14. Nxa8
Bb7 15. Qe3 Bxa8 16. Qe5 d6 17. Qxh8 Qxf4 18. Qxf8+ Kd7 19. g3 Qf3 20. Qxa8 Nf5
21. Qxa7+ Kd8 22. Qa3 1-0

[Event "Wch Juvenil 2013 sub-18"]
[Site "Al-Ain UAE"]
[Date "2013.12.26"]
[Round "9.23"]
[White "Kenneskog, Theodor"]
[Black "Javanbakht, Nima"]
[Result "0-1"]
[WhiteElo "2270"]
[BlackElo "2374"]
[PlyCount "80"]
[EventDate "2013.12.19"]
[EventType "swiss"]
[EventRounds "11"]
[EventCountry "UAE"]
[Source "lmi"]
[SourceDate "2013.12.19"]

1. e4 c5 2. Nc3 Nc6 3. Nge2 Nf6 4. d4 cxd4 5. Nxd4 e5 6. Ndb5 d6 7. Bg5 a6 8.
Na3 b5 9. Bxf6 gxf6 10. Nd5 f5 11. Bd3 Be6 12. c3 Bg7 13. Nxb5 axb5 14. Bxb5
Bd7 15. exf5 e4 16. O-O O-O 17. a4 Re8 18. Qg4 Kh8 19. Rad1 Rc8 20. Rfe1 Re5
21. Ne3 Qf6 22. Nc4 Bxf5 23. Qg3 d5 24. Nxe5 Nxe5 25. Rxd5 Rg8 26. Qxe5 Qxe5
27. Rxe5 Bxe5 28. f3 Bh3 29. Bf1 f5 30. fxe4 f4 31. Rd1 Bc7 32. Kh1 Bg4 33. Rd2
Bb6 34. h3 Be3 35. Rd6 Bxh3 36. Kh2 Bxg2 37. Bc4 f3 38. Bxg8 Bf4+ 39. Kg1 Bxd6
40. Be6 h5 0-1

[Event "Wch Juvenil 2013 sub-18"]
[Site "Al-Ain UAE"]
[Date "2013.12.26"]
[Round "9.24"]
[White "Licznerski, Lukasz"]
[Black "Vanagas, Tadas"]
[Result "1-0"]
[WhiteElo "2354"]
[BlackElo "2116"]
[PlyCount "69"]
[EventDate "2013.12.19"]
[EventType "swiss"]
[EventRounds "11"]
[EventCountry "UAE"]
[Source "lmi"]
[SourceDate "2013.12.19"]

1. b3 d5 2. Bb2 Nf6 3. Nf3 Bf5 4. g3 e6 5. Bg2 Nbd7 6. O-O Bd6 7. d3 e5 8. c4
c6 9. e4 Be6 10. exd5 cxd5 11. Qe2 d4 12. Ng5 Bg4 13. f3 Bf5 14. g4 Be6 15.
Nxe6 fxe6 16. f4 O-O 17. Bxb7 Rb8 18. Bg2 Qe8 19. fxe5 Bxe5 20. Nd2 Qg6 21. Nf3
Nxg4 22. Nxe5 Ngxe5 23. Bxd4 Nxd3 24. Bxa7 Ra8 25. Rxf8+ Rxf8 26. Qe4 Qxe4 27.
Bxe4 Nf4 28. Be3 g5 29. a4 Ne5 30. a5 Ne2+ 31. Kh1 Ng4 32. Bg1 Nc3 33. Bb7 e5
34. a6 e4 35. a7 1-0

[Event "Wch Juvenil 2013 sub-18"]
[Site "Al-Ain UAE"]
[Date "2013.12.26"]
[Round "9.25"]
[White "Soysal, Serkan"]
[Black "Shetty, Atulya"]
[Result "1-0"]
[WhiteElo "2114"]
[BlackElo "2350"]
[PlyCount "61"]
[EventDate "2013.12.19"]
[EventType "swiss"]
[EventRounds "11"]
[EventCountry "UAE"]
[Source "lmi"]
[SourceDate "2013.12.19"]

1. d4 d5 2. Bf4 Nf6 3. e3 c5 4. c3 Nc6 5. Nd2 Qb6 6. Qb3 c4 7. Qc2 g6 8. e4
dxe4 9. Nxc4 Qd8 10. O-O-O Nd5 11. Bd2 Bf5 12. Qb3 Rb8 13. Ne3 Nxe3 14. Bxe3 a6
15. h3 Na5 16. Qc2 b5 17. d5 b4 18. g4 b3 19. Qb1 Bd7 20. a3 f5 21. gxf5 Bxf5
22. Bg2 Bg7 23. Ne2 Nc4 24. Bxe4 Bd7 25. Bxg6+ Kf8 26. Bf5 Be8 27. Nf4 Bf7 28.
Ne6+ Bxe6 29. Bxe6 Nd6 30. Rhg1 Bxc3 31. Qxh7 1-0

[Event "Wch Juvenil 2013 sub-18"]
[Site "Al-Ain UAE"]
[Date "2013.12.26"]
[Round "9.26"]
[White "Igonin, Temur"]
[Black "Rindlisbacher, Lars"]
[Result "0-1"]
[WhiteElo "2109"]
[BlackElo "2345"]
[PlyCount "86"]
[EventDate "2013.12.19"]
[EventType "swiss"]
[EventRounds "11"]
[EventCountry "UAE"]
[Source "lmi"]
[SourceDate "2013.12.19"]

1. e4 e5 2. Nf3 Nc6 3. Bc4 Bc5 4. O-O d6 5. c3 Nf6 6. d3 h6 7. Bb3 Bg4 8. Nbd2
Qd7 9. Re1 O-O-O 10. Ba4 Rhe8 11. Nc4 Bb6 12. b4 d5 13. Ncxe5 Rxe5 14. Nxe5
Bxd1 15. Nxd7 Bxa4 16. Nxf6 gxf6 17. exd5 Ne5 18. d4 Nd3 19. Re7 Nxc1 20. Rxc1
Rf8 21. Rce1 Bb5 22. R1e3 Bc4 23. Rf3 Bxd5 24. Rxf6 Rg8 25. g3 Bxa2 26. Rxh6
Be6 27. h4 a5 28. bxa5 Bxa5 29. Rh5 Bxc3 30. d5 Bf6 31. dxe6 Bxe7 32. exf7 Rf8
33. Rh7 Kd7 34. f4 Ke6 35. g4 Bc5+ 36. Kg2 Rxf7 37. f5+ Ke7 38. Rh8 Rf8 39. Rh6
b5 40. Kf3 b4 41. Rc6 Bd6 42. Ke4 Rh8 43. h5 Kf6 0-1

[Event "Wch Juvenil 2013 sub-18"]
[Site "Al-Ain UAE"]
[Date "2013.12.26"]
[Round "9.27"]
[White "Izzat, Kanan"]
[Black "Megalios, Konstantinos"]
[Result "1/2-1/2"]
[WhiteElo "2385"]
[BlackElo "2106"]
[PlyCount "78"]
[EventDate "2013.12.19"]
[EventType "swiss"]
[EventRounds "11"]
[EventCountry "UAE"]
[Source "lmi"]
[SourceDate "2013.12.19"]

1. e4 d5 2. exd5 Qxd5 3. Nc3 Qa5 4. d4 Nf6 5. Nf3 Bf5 6. Bd2 e6 7. Bc4 Bb4 8.
O-O Nc6 9. d5 exd5 10. a3 Qc5 11. Re1+ Be6 12. axb4 Qxc4 13. Ra4 Ne4 14. b3
Nxc3 15. bxc4 Nxd1 16. cxd5 Nb2 17. Raa1 Nc4 18. Bc3 O-O 19. dxe6 Nd6 20. exf7+
Rxf7 21. Ng5 Re7 22. Rxe7 Nxe7 23. Rd1 Re8 24. Ne6 Nd5 25. Rxd5 Rxe6 26. Kf1
Kf7 27. f3 g6 28. Kf2 Ke7 29. b5 Kd7 30. Bb4 c6 31. bxc6+ Kxc6 32. Rc5+ Kb6 33.
Rd5 Kc6 34. Rd4 b6 35. c3 a5 36. Ba3 Nf5 37. Rd3 Nd6 38. Rd4 Nf5 39. Rd3 Nd6
1/2-1/2

[Event "Wch Juvenil 2013 sub-18"]
[Site "Al-Ain UAE"]
[Date "2013.12.26"]
[Round "9.28"]
[White "Gstach, Jakob"]
[Black "Studer, Noel"]
[Result "1-0"]
[WhiteElo "2227"]
[BlackElo "2385"]
[PlyCount "83"]
[EventDate "2013.12.19"]
[EventType "swiss"]
[EventRounds "11"]
[EventCountry "UAE"]
[Source "lmi"]
[SourceDate "2013.12.19"]

1. d4 e6 2. c4 Nf6 3. Nc3 Bb4 4. e3 O-O 5. Nge2 d5 6. a3 Be7 7. cxd5 exd5 8.
Nf4 a5 9. Bd3 Na6 10. O-O c6 11. f3 Nc7 12. Bc2 c5 13. Na4 cxd4 14. exd4 Ne6
15. Qd3 g6 16. g4 Bd6 17. Nxe6 fxe6 18. Bh6 Rf7 19. Rac1 b5 20. Nc5 e5 21. Bb3
Qb6 22. Be3 a4 23. Ba2 b4 24. dxe5 Bxe5 25. Nd7 Bxh2+ 26. Kh1 Qd6 27. Nxf6+
Qxf6 28. Qxd5 Be5 29. g5 Qf5 30. Qxf7+ Qxf7 31. Bxf7+ Kxf7 32. Rfd1 Be6 33.
axb4 Bxb2 34. Rc7+ Kg8 35. b5 a3 36. b6 a2 37. b7 Rf8 38. Bc5 Be5 39. Re7 Bb3
40. Re1 Bg3 41. Bd4 Bf7 42. Rc1 1-0

[Event "Wch Juvenil 2013 sub-18"]
[Site "Al-Ain UAE"]
[Date "2013.12.26"]
[Round "9.30"]
[White "Mindlin, Alon"]
[Black "Starcevs, Dmitrijs"]
[Result "1-0"]
[WhiteElo "2307"]
[BlackElo "2178"]
[PlyCount "107"]
[EventDate "2013.12.19"]
[EventType "swiss"]
[EventRounds "11"]
[EventCountry "UAE"]
[Source "lmi"]
[SourceDate "2013.12.19"]

1. c4 Nf6 2. Nc3 d5 3. cxd5 Nxd5 4. g3 g6 5. Bg2 Nb6 6. d3 Bg7 7. Be3 O-O 8.
Qd2 Nc6 9. Bh6 Nd4 10. Bxg7 Kxg7 11. Nf3 Nxf3+ 12. Bxf3 e5 13. Qe3 f6 14. O-O
c6 15. Rfd1 Be6 16. Ne4 Qe7 17. Qc5 Rf7 18. d4 exd4 19. Qxd4 Bd5 20. a4 Kg8 21.
a5 Nd7 22. Nc3 Bxf3 23. exf3 Qc5 24. Ne4 Qxd4 25. Rxd4 Ne5 26. Ra3 f5 27. Nd6
Re7 28. Re3 Kf8 29. f4 Nd7 30. Nxb7 a6 31. Rxe7 Kxe7 32. Rd3 c5 33. Re3+ Kf6
34. Rc3 Rc8 35. b4 Rc7 36. bxc5 Rc6 37. Rd3 Ke7 38. Re3+ Kf8 39. Nd8 Rc8 40.
Ne6+ Kf7 41. Ng5+ Kg8 42. Ne6 Rc6 43. Nd8 Rxc5 44. Re8+ Kg7 45. Re7+ Kg8 46.
Rxd7 Rxa5 47. Ne6 Ra2 48. Rg7+ Kh8 49. Rf7 h6 50. Ra7 a5 51. h4 a4 52. Nf8 a3
53. Nxg6+ Kg8 54. Ne7+ 1-0

[Event "Wch Juvenil 2013 sub-18"]
[Site "Al-Ain UAE"]
[Date "2013.12.26"]
[Round "9.31"]
[White "Hughes, John L"]
[Black "Hernandez Sanchez, Jairo Andre"]
[Result "0-1"]
[WhiteElo "2155"]
[BlackElo "2298"]
[PlyCount "78"]
[EventDate "2013.12.19"]
[EventType "swiss"]
[EventRounds "11"]
[EventCountry "UAE"]
[Source "lmi"]
[SourceDate "2013.12.19"]

1. e4 c5 2. Nf3 g6 3. c3 Bg7 4. h3 d6 5. d4 Nd7 6. Bd3 Ngf6 7. O-O O-O 8. Re1
cxd4 9. cxd4 e5 10. Nc3 exd4 11. Nxd4 a6 12. Bf4 Ne5 13. Bc2 b5 14. a4 Nh5 15.
Bc1 b4 16. Nd5 a5 17. f4 Nc4 18. Bb3 Ba6 19. Nc6 Qh4 20. Bxc4 Bxc4 21. Nb6 Ra6
22. Ne7+ Qxe7 23. Nxc4 Rc8 24. Qd3 Rac6 25. Ne3 Nxf4 26. Qf1 Be5 27. Ng4 Ne6
28. Nh6+ Kg7 29. Be3 Rc2 30. Re2 Bxb2 31. Ra2 Rxe2 32. Qxe2 Bd4 33. Bxd4+ Nxd4
34. Qe3 Nc6 35. Ng4 Qa7 36. Rd2 Qxe3+ 37. Nxe3 Ne5 38. Rxd6 Rc3 39. Kf2 Rxe3
0-1

[Event "Wch Juvenil 2013 sub-18"]
[Site "Al-Ain UAE"]
[Date "2013.12.26"]
[Round "9.32"]
[White "Lkhagvasuren, Tsedvee"]
[Black "Grigorian, Roudolph"]
[Result "1/2-1/2"]
[WhiteElo "2292"]
[BlackElo "2101"]
[PlyCount "84"]
[EventDate "2013.12.19"]
[EventType "swiss"]
[EventRounds "11"]
[EventCountry "UAE"]
[Source "lmi"]
[SourceDate "2013.12.19"]

1. c4 g6 2. Nf3 Bg7 3. g3 Nf6 4. Bg2 c5 5. O-O O-O 6. Nc3 Nc6 7. d4 d6 8. d5
Na5 9. Nd2 e5 10. Qc2 Ne8 11. b3 f5 12. Bb2 Nf6 13. a3 b6 14. b4 Nb7 15. b5 Nd7
16. e3 e4 17. Nd1 Ne5 18. f3 exf3 19. Nxf3 Ng4 20. Re1 Re8 21. Bxg7 Kxg7 22. h3
Qf6 23. Rc1 Ne5 24. Nf2 Nxf3+ 25. Bxf3 Qg5 26. Qc3+ Qf6 27. Qd3 Nd8 28. Kh2 Nf7
29. Bg2 a6 30. a4 Bd7 31. Qd2 axb5 32. axb5 Ra4 33. e4 Ne5 34. exf5 gxf5 35.
Nd3 Nxd3 36. Qxd3 Ra2 37. Rxe8 Bxe8 38. Rc2 Rxc2 39. Qxc2 f4 40. Qf2 fxg3+ 41.
Qxg3+ Qg6 42. Qe3 Bf7 1/2-1/2

[Event "Wch Juvenil 2013 sub-18"]
[Site "Al-Ain UAE"]
[Date "2013.12.26"]
[Round "9.33"]
[White "Aleman Hernandez, Andres"]
[Black "Eltigani, Omar"]
[Result "0-1"]
[WhiteElo "2110"]
[BlackElo "2288"]
[PlyCount "72"]
[EventDate "2013.12.19"]
[EventType "swiss"]
[EventRounds "11"]
[EventCountry "UAE"]
[Source "lmi"]
[SourceDate "2013.12.19"]

1. g3 Nf6 2. Bg2 d5 3. c4 c6 4. Nf3 g6 5. O-O Bg7 6. d4 O-O 7. Nc3 dxc4 8. e4
b5 9. Re1 a5 10. Bg5 h6 11. Bf4 Nbd7 12. Qd2 g5 13. Be5 Nxe5 14. Nxe5 Bb7 15.
Rad1 Qb6 16. h4 g4 17. Qf4 Rad8 18. d5 b4 19. Na4 Qb5 20. b3 cxd5 21. exd5 cxb3
22. axb3 Bxd5 23. Bxd5 Rxd5 24. Nxg4 Nxg4 25. Qxg4 Rfd8 26. Rc1 e6 27. Rc7 Rf5
28. Qe4 Bd4 29. Re2 Bxf2+ 30. Kg2 Bd4 31. Rb7 Qa6 32. Kh3 h5 33. Qg2 Qd3 34.
Nb6 Qb1 35. Nc4 Rf1 36. Qe4 Rh1+ 0-1

[Event "Wch Juvenil 2013 sub-18"]
[Site "Al-Ain UAE"]
[Date "2013.12.26"]
[Round "9.34"]
[White "Saraci, Nderim"]
[Black "Teh, Eu Wen Aron"]
[Result "1-0"]
[WhiteElo "2047"]
[BlackElo "2272"]
[PlyCount "141"]
[EventDate "2013.12.19"]
[EventType "swiss"]
[EventRounds "11"]
[EventCountry "UAE"]
[Source "lmi"]
[SourceDate "2013.12.19"]

1. e4 e5 2. Nf3 Nc6 3. Bb5 Nf6 4. O-O Nxe4 5. d4 Nd6 6. Bxc6 dxc6 7. dxe5 Nf5
8. Qxd8+ Kxd8 9. Rd1+ Ke8 10. Nc3 Be7 11. h3 h5 12. Bf4 Nh4 13. Nxh4 Bxh4 14.
e6 Bxe6 15. Bxc7 Bd8 16. Bh2 Be7 17. Ne4 Kf8 18. Bd6 Rd8 19. Bc5 Ra8 20. a4 Rh6
21. a5 Rg6 22. Kh2 Bd5 23. Bxe7+ Kxe7 24. Ng3 Kf8 25. Rd4 Rh6 26. c4 Be6 27. c5
Rb8 28. Rb4 a6 29. Ne4 Rg6 30. Nd6 Bd5 31. f3 Re6 32. Rd1 Re2 33. Rd3 g6 34. h4
Kg7 35. Kg3 Rc2 36. Rc3 Re2 37. Rb6 Re7 38. Rd3 Kf6 39. Kf2 g5 40. Rd4 gxh4 41.
Rxh4 Kg5 42. Rhb4 f5 43. Rxb7 Rbxb7 44. Rxb7 Rxb7 45. Nxb7 f4 46. Nd6 Kf6 47.
Ke2 Ke5 48. Kd3 h4 49. Nc4+ Kf5 50. Nd6+ Ke5 51. Nc4+ Kf5 52. Kd4 h3 53. gxh3
Bxf3 54. Nd6+ Ke6 55. b4 Bg2 56. h4 Kf6 57. Ne4+ Kf5 58. Nf2 Bf3 59. Nd3 Bg2
60. h5 f3 61. Ke3 Kg5 62. Nf2 Bf1 63. Kxf3 Kxh5 64. Kf4 Bb5 65. Ke5 Kg6 66. Ne4
Bc4 67. Nd6 Be2 68. Nb7 Kf7 69. Kd6 Ke8 70. Kxc6 Bf3+ 71. Kc7 1-0

[Event "Wch Juvenil 2013 sub-18"]
[Site "Al-Ain UAE"]
[Date "2013.12.26"]
[Round "9.35"]
[White "Baskara, Fiodias"]
[Black "Iyti, Basher"]
[Result "0-1"]
[WhiteElo "1936"]
[BlackElo "2269"]
[PlyCount "102"]
[EventDate "2013.12.19"]
[EventType "swiss"]
[EventRounds "11"]
[EventCountry "UAE"]
[Source "lmi"]
[SourceDate "2013.12.19"]

1. d4 b5 2. a4 b4 3. e4 Bb7 4. Bd3 Nf6 5. Qe2 e6 6. c4 bxc3 7. bxc3 Be7 8. Nf3
d5 9. e5 Ne4 10. O-O O-O 11. Ne1 f5 12. exf6 Rxf6 13. Bxe4 dxe4 14. Nd2 Ba6 15.
c4 Qxd4 16. Nc2 Qd3 17. Qxe4 Qxe4 18. Nxe4 Bxc4 19. Rd1 Rf7 20. Ne3 Ba6 21. Ba3
Nc6 22. Bxe7 Rxe7 23. Rac1 Ne5 24. Nc5 Be2 25. Re1 Bh5 26. Nf1 Ng6 27. Rxe6 Rf7
28. g3 Bg4 29. Re3 Raf8 30. f4 Rf6 31. a5 Bh3 32. Nd2 h6 33. Rb3 Re8 34. Nce4
Rfe6 35. Rxc7 Ne7 36. Rcb7 Nc6 37. Rc7 Nxa5 38. Rb5 Rc6 39. Rc5 Ra6 40. Kf2 Nb3
41. Re5 Rxe5 42. fxe5 Nd4 43. Nc5 Ra3 44. Nc4 Rf3+ 45. Ke1 Rc3 46. Ne4 Rc2 47.
Ned2 Be6 48. Kd1 a5 49. Ra7 Bxc4 50. Rd7 Be2+ 51. Ke1 Nf3+ 0-1

[Event "Wch Juvenil 2013 sub-18"]
[Site "Al-Ain UAE"]
[Date "2013.12.26"]
[Round "9.36"]
[White "Pon, Matt"]
[Black "Grandadam, Patrik"]
[Result "1/2-1/2"]
[WhiteElo "2006"]
[BlackElo "2243"]
[PlyCount "48"]
[EventDate "2013.12.19"]
[EventType "swiss"]
[EventRounds "11"]
[EventCountry "UAE"]
[Source "lmi"]
[SourceDate "2013.12.19"]

1. d4 d5 2. c4 e6 3. cxd5 exd5 4. Nc3 c6 5. Bf4 Bd6 6. Bg3 Ne7 7. e3 Bf5 8.
Nge2 O-O 9. Bxd6 Qxd6 10. Ng3 Bg6 11. h4 h6 12. h5 Bh7 13. Bd3 Bxd3 14. Qxd3
Na6 15. O-O Nc7 16. Rac1 f5 17. Nge2 Ne6 18. g3 Qd8 19. Kg2 Nc8 20. Na4 Qe8 21.
Rh1 Nd6 22. b3 Qe7 23. Nc5 Nxc5 24. Rxc5 Qe4+ 1/2-1/2

[Event "Wch Juvenil 2013 sub-18"]
[Site "Al-Ain UAE"]
[Date "2013.12.26"]
[Round "9.37"]
[White "Rygg, Snorre"]
[Black "Olund, Joar"]
[Result "0-1"]
[WhiteElo "1838"]
[BlackElo "2236"]
[PlyCount "112"]
[EventDate "2013.12.19"]
[EventType "swiss"]
[EventRounds "11"]
[EventCountry "UAE"]
[Source "lmi"]
[SourceDate "2013.12.19"]

1. e4 g6 2. d4 Bg7 3. Nf3 d6 4. Bc4 e6 5. O-O Ne7 6. c3 Nd7 7. Be3 h6 8. Qd2 b6
9. Na3 Bb7 10. d5 e5 11. Ne1 f5 12. f3 f4 13. Bf2 h5 14. g3 g5 15. gxf4 exf4
16. Nd3 Ng6 17. Nc2 Nge5 18. Nxe5 Nxe5 19. Be2 Qf6 20. Nd4 Bc8 21. Bb5+ Kf7 22.
Kh1 Bh3 23. Rg1 g4 24. Bf1 Bxf1 25. Raxf1 Bh6 26. b3 Rhg8 27. fxg4 hxg4 28. Be3
Nf3 29. Nxf3 gxf3 30. Rxf3 Rxg1+ 31. Bxg1 Rg8 32. Qe2 Qg6 33. Bd4 Re8 34. a4
Rxe4 35. Qf2 Qf5 36. c4 Re8 37. h3 Re4 38. Kh2 Bg5 39. Bc3 Bf6 40. Qg2 Bxc3 41.
Rxc3 Qe5 42. Qf3 Ke7 43. Kg2 Kd8 44. h4 Re2+ 45. Kf1 Re1+ 46. Kf2 Rb1 47. Kg2
Qg7+ 48. Kh3 Rg1 49. Rd3 Rg3+ 50. Qxg3 fxg3 51. Rxg3 Qd7+ 52. Kg2 Qf5 53. Rh3
Qg4+ 54. Kh2 Qh5 55. Kg2 a6 56. Kh2 b5 0-1

[Event "Wch Juvenil 2013 sub-18"]
[Site "Al-Ain UAE"]
[Date "2013.12.26"]
[Round "9.38"]
[White "Drnovsek, Gal"]
[Black "Arias, Pablo"]
[Result "1/2-1/2"]
[WhiteElo "2232"]
[BlackElo "2084"]
[PlyCount "54"]
[EventDate "2013.12.19"]
[EventType "swiss"]
[EventRounds "11"]
[EventCountry "UAE"]
[Source "lmi"]
[SourceDate "2013.12.19"]

1. d4 d5 2. c4 c6 3. Nf3 Nf6 4. e3 e6 5. Bd3 Nbd7 6. O-O Bd6 7. b3 O-O 8. Bb2
Ne4 9. Nbd2 f5 10. Ne5 Rf6 11. f3 Nxd2 12. Qxd2 Rh6 13. Qf2 Qf6 14. f4 g5 15.
g4 Qg7 16. gxf5 Nf6 17. fxe6 gxf4+ 18. Kh1 Nh5 19. Nf7 Ng3+ 20. Kg1 Ne2+ 21.
Kh1 Ng3+ 22. Kg1 Ne4+ 23. Qg2 Rg6 24. Bxe4 dxe4 25. Qxg6 Qxg6+ 26. Kh1 Qxe6 27.
Nxd6 f3 1/2-1/2

[Event "Wch Juvenil 2013 sub-18"]
[Site "Al-Ain UAE"]
[Date "2013.12.26"]
[Round "9.39"]
[White "Alarcon Careaga, Gustavo"]
[Black "Hasenohr, Benedict"]
[Result "1-0"]
[WhiteElo "2133"]
[BlackElo "2278"]
[PlyCount "67"]
[EventDate "2013.12.19"]
[EventType "swiss"]
[EventRounds "11"]
[EventCountry "UAE"]
[Source "lmi"]
[SourceDate "2013.12.19"]

1. e4 e6 2. d4 d5 3. Nd2 h6 4. Bd3 c5 5. exd5 Qxd5 6. Ngf3 cxd4 7. Bc4 Qd6 8.
O-O Nf6 9. Nb3 Nc6 10. Re1 Bd7 11. Nbxd4 Nxd4 12. Nxd4 a6 13. Be3 Qc7 14. Bb3
O-O-O 15. Qe2 Bd6 16. h3 e5 17. Nf3 Bc6 18. c4 Rhe8 19. Bc2 Nh5 20. Ba7 b6 21.
c5 Bxc5 22. Qxa6+ Qb7 23. Bf5+ Kc7 24. Qc4 Bxf3 25. gxf3 Qxf3 26. Re3 Qd5 27.
Qc2 e4 28. b4 Qxf5 29. bxc5 Qg6+ 30. Kh1 Kb7 31. Rb1 Re6 32. Bxb6 Rd3 33. Qa4
Rxe3 34. Qd7+ 1-0

[Event "Wch Juvenil 2013 sub-18"]
[Site "Al-Ain UAE"]
[Date "2013.12.26"]
[Round "9.40"]
[White "Menezes, Christoph"]
[Black "Kisic, Bozidar"]
[Result "1-0"]
[WhiteElo "2260"]
[BlackElo "2130"]
[PlyCount "73"]
[EventDate "2013.12.19"]
[EventType "swiss"]
[EventRounds "11"]
[EventCountry "UAE"]
[Source "lmi"]
[SourceDate "2013.12.19"]

1. d4 Nf6 2. c4 c5 3. d5 b5 4. Nf3 g6 5. cxb5 a6 6. Qc2 d6 7. e4 Bg7 8. Nc3 O-O
9. a4 axb5 10. Bxb5 Ba6 11. O-O Ng4 12. Rb1 Nd7 13. b3 Nge5 14. Nd2 f5 15. exf5
gxf5 16. f4 Ng4 17. Nf3 Bxb5 18. Nxb5 c4 19. bxc4 Nc5 20. h3 Nf6 21. Nfd4 Nfe4
22. Be3 Bxd4 23. Bxd4 Rxa4 24. Ra1 Qa5 25. Rxa4 Qxa4 26. Qe2 Nb3 27. g4 Rf7 28.
Re1 Nbd2 29. gxf5 Qb3 30. Nc3 e6 31. dxe6 Rb7 32. Qg2+ Kf8 33. f6 Qxc4 34. Nxe4
Qxd4+ 35. Kh1 Nxe4 36. e7+ Kf7 37. Qg7+ 1-0

[Event "Wch Juvenil 2013 sub-18"]
[Site "Al-Ain UAE"]
[Date "2013.12.26"]
[Round "9.41"]
[White "Lokander, Martin"]
[Black "Atanasov, Anatoli"]
[Result "1-0"]
[WhiteElo "2246"]
[BlackElo "2041"]
[PlyCount "43"]
[EventDate "2013.12.19"]
[EventType "swiss"]
[EventRounds "11"]
[EventCountry "UAE"]
[Source "lmi"]
[SourceDate "2013.12.19"]

1. e4 g6 2. d4 Bg7 3. c4 c5 4. d5 d6 5. Nc3 Nf6 6. f4 O-O 7. Nf3 e6 8. dxe6
Bxe6 9. Bd3 Nc6 10. O-O Bg4 11. h3 Bxf3 12. Qxf3 Re8 13. Be3 Rb8 14. Rad1 Nd4
15. Qf2 Nd7 16. Kh1 f5 17. exf5 Nxf5 18. Bxf5 gxf5 19. Rxd6 Qe7 20. Bxc5 Nxc5
21. Qxc5 Kh8 22. Qd5 1-0

[Event "Wch Juvenil 2013 sub-18"]
[Site "Al-Ain UAE"]
[Date "2013.12.26"]
[Round "9.42"]
[White "Meylan, Andre"]
[Black "Bargandzhiya, Zaza"]
[Result "1/2-1/2"]
[WhiteElo "2193"]
[BlackElo "2039"]
[PlyCount "96"]
[EventDate "2013.12.19"]
[EventType "swiss"]
[EventRounds "11"]
[EventCountry "UAE"]
[Source "lmi"]
[SourceDate "2013.12.19"]

1. e4 e5 2. Nf3 Nc6 3. Nc3 Nf6 4. d4 exd4 5. Nd5 Be7 6. Bf4 d6 7. Nxd4 O-O 8.
Nb5 Nxd5 9. exd5 Ne5 10. Be2 Bf5 11. O-O Bf6 12. c3 Re8 13. Re1 Ng6 14. Be3 Bd7
15. Qd2 a6 16. Nd4 Ne5 17. h3 Ng6 18. Nf3 Ne5 19. Nxe5 Bxe5 20. Bg5 Bf6 21. Bf4
Bf5 22. Bd3 Qd7 23. Qc2 Rxe1+ 24. Rxe1 Bxd3 25. Qxd3 Qa4 26. Qe4 Qxe4 27. Rxe4
Kf8 28. Kf1 Re8 29. Rxe8+ Kxe8 30. Ke2 Kd7 31. Kd3 h5 32. Ke4 g6 33. Be3 Bg7
34. Bd4 Bh6 35. Bf6 Bf8 36. c4 Be7 37. Bxe7 Kxe7 38. b4 Kf6 39. h4 b6 40. a4
Kg7 41. g3 Kh6 42. a5 bxa5 43. bxa5 Kg7 44. c5 Kh6 45. f3 Kg7 46. cxd6 cxd6 47.
g4 Kh6 48. g5+ Kg7 1/2-1/2

[Event "Wch Juvenil 2013 sub-18"]
[Site "Al-Ain UAE"]
[Date "2013.12.26"]
[Round "9.43"]
[White "Esenbek Uulu, Bakai"]
[Black "Dolnak, Michal"]
[Result "1/2-1/2"]
[WhiteElo "2009"]
[BlackElo "2164"]
[PlyCount "56"]
[EventDate "2013.12.19"]
[EventType "swiss"]
[EventRounds "11"]
[EventCountry "UAE"]
[Source "lmi"]
[SourceDate "2013.12.19"]

1. e4 e5 2. Nf3 Nc6 3. Bc4 Bc5 4. c3 Nf6 5. d3 a6 6. O-O Ba7 7. Bg5 h6 8. Bh4
d6 9. Re1 g5 10. Bg3 Bg4 11. Nbd2 Bh5 12. Nf1 Qd7 13. Ne3 Bg6 14. b4 O-O 15. a4
Rae8 16. Nd5 Nxd5 17. Bxd5 Kg7 18. b5 Nd8 19. bxa6 bxa6 20. a5 f6 21. Bc4 Qc8
22. Qa4 f5 23. exf5 Bxf5 24. Nd2 Bd7 25. Qa2 Bg4 26. Qa4 Bd7 27. Qa2 Bg4 28.
Qa4 Bd7 1/2-1/2

[Event "Wch Juvenil 2013 sub-18"]
[Site "Al-Ain UAE"]
[Date "2013.12.26"]
[Round "9.44"]
[White "Savitski, Andrei"]
[Black "Doluweera, Dinul Thisura"]
[Result "1-0"]
[WhiteElo "2150"]
[BlackElo "1803"]
[PlyCount "63"]
[EventDate "2013.12.19"]
[EventType "swiss"]
[EventRounds "11"]
[EventCountry "UAE"]
[Source "lmi"]
[SourceDate "2013.12.19"]

1. Nf3 Nf6 2. b3 g6 3. Bb2 Bg7 4. c4 O-O 5. g3 d6 6. d4 Nfd7 7. Bg2 Nc6 8. O-O
e5 9. e4 a5 10. a3 f5 11. d5 Ne7 12. exf5 gxf5 13. Ng5 Nf6 14. Nc3 h6 15. Ne6
Bxe6 16. dxe6 c6 17. Ne2 Ne8 18. f4 Qb6+ 19. Kh1 Rd8 20. Qc2 Nc7 21. g4 Nxe6
22. fxe5 dxe5 23. gxf5 Nc5 24. Rf3 e4 25. Rf4 Nd3 26. Bxg7 Nxf4 27. Nxf4 Rxf5
28. Ne6 Rd6 29. c5 Rxc5 30. Nxc5 Kxg7 31. Qc3+ Kg8 32. Bxe4 1-0

[Event "Wch Juvenil 2013 sub-18"]
[Site "Al-Ain UAE"]
[Date "2013.12.26"]
[Round "9.45"]
[White "Du Toit, Stefan"]
[Black "Malureanu, Costin-George"]
[Result "1/2-1/2"]
[WhiteElo "1822"]
[BlackElo "2116"]
[PlyCount "63"]
[EventDate "2013.12.19"]
[EventType "swiss"]
[EventRounds "11"]
[EventCountry "UAE"]
[Source "lmi"]
[SourceDate "2013.12.19"]

1. c4 e5 2. Nc3 Nf6 3. g3 Bb4 4. Bg2 O-O 5. Qb3 Bxc3 6. bxc3 c6 7. e4 d6 8. Ne2
Nbd7 9. O-O a6 10. a4 Rb8 11. Ba3 Qc7 12. d4 b5 13. f4 bxa4 14. Qa2 c5 15. Rab1
Bb7 16. fxe5 dxe5 17. d5 a5 18. Nc1 Ba6 19. Nd3 Ng4 20. Bh3 f5 21. Rxb8 Rxb8
22. Rxf5 Ne3 23. Rf3 Bxc4 24. Qf2 Bxd3 25. Be6+ Kh8 26. Qxe3 c4 27. d6 Qb7 28.
Rf7 Qb1+ 29. Bc1 Nc5 30. Rxg7 Nxe6 31. Re7 Qc2 32. Rxh7+ 1/2-1/2

[Event "Wch Juvenil 2013 sub-18"]
[Site "Al-Ain UAE"]
[Date "2013.12.26"]
[Round "9.46"]
[White "Patil, Pratik"]
[Black "Abdulla, Abdulwahab"]
[Result "1-0"]
[WhiteElo "2265"]
[BlackElo "1838"]
[PlyCount "39"]
[EventDate "2013.12.19"]
[EventType "swiss"]
[EventRounds "11"]
[EventCountry "UAE"]
[Source "lmi"]
[SourceDate "2013.12.19"]

1. e4 c5 2. c3 d5 3. exd5 Qxd5 4. d4 Nc6 5. Nf3 Bg4 6. dxc5 Qxd1+ 7. Kxd1 e5 8.
b4 a5 9. Bb5 O-O-O+ 10. Kc2 Bf5+ 11. Kb2 f6 12. a3 Nge7 13. Nbd2 Nd5 14. Nc4
Bd3 15. Rd1 e4 16. Ne1 Na7 17. Nxd3 Nxb5 18. Nf4 Nbxc3 19. Rxd5 Rxd5 20. Nb6+
1-0

[Event "Wch Juvenil 2013 sub-18"]
[Site "Al-Ain UAE"]
[Date "2013.12.26"]
[Round "9.47"]
[White "Madi, Aslan"]
[Black "Meisch, Tanguy"]
[Result "1-0"]
[WhiteElo "2099"]
[BlackElo "1810"]
[PlyCount "51"]
[EventDate "2013.12.19"]
[EventType "swiss"]
[EventRounds "11"]
[EventCountry "UAE"]
[Source "lmi"]
[SourceDate "2013.12.19"]

1. e4 e5 2. Nf3 Nc6 3. Bc4 Bc5 4. c3 Nf6 5. d3 d5 6. exd5 Nxd5 7. O-O O-O 8.
Bb3 Bg4 9. h3 Bh5 10. Nbd2 Nf4 11. Ne4 Nxd3 12. Bc4 Nxc1 13. Nxc5 Qxd1 14. Rxd1
Bxf3 15. gxf3 Na5 16. Bf1 Nxa2 17. Rxa2 b6 18. Ne4 f5 19. Ng5 Rf6 20. b4 Rg6
21. bxa5 Rxg5+ 22. Kh2 Rg6 23. Bc4+ Kh8 24. Rd7 bxa5 25. Rxa5 h5 26. Rxe5 1-0